Gua̕ prc̀tica de ISR. Personas Morales 2016

Detalles Bibliográficos
Autor principal: Přez Chavez, Jos ̌
Formato: Libro
Lenguaje:español
Publicado: Mexico Tax Editores 2016
Materias:
Acceso en línea:Acceso restringido

MARC

LEADER 00000nam a22000007a 4500
005 20160622134746.0
007 cr|||| ||u|
008 160622s2016 mx ||||| |||| 00||0 spa d
020 |a 978-607-440-874-4 
035 |a 14301 
040 |a vLex  
090 |c 6209  |d 6209 
100 1 |a Přez Chavez, Jos ̌ 
245 1 0 |a Gua̕ prc̀tica de ISR. Personas Morales 2016  |h [Recurso electronico] /  |c Jos ̌Přez Chavez  
256 |a Sevicio en linea 
260 |a Mexico  |b Tax Editores  |c 2016 
300 |a 1 recurso electronico  
500 |a Uno de los tributos ms̀ importantes que deben pagar las personas morales del rǧimen general de ley es el Impuesto sobre la Renta (ISR), el cual, por lo general, grava la renta (utilidades) de las personas tanto fs̕icas como morales. El lector encontrar ̀en esta obra, entre otros, los siguientes temas relativos a las personas morales del rǧimen general de ley: 1. Determinacin̤ de los pagos provisionales y del impuesto del ejercicio. 2. Tratamiento de las přdidas fiscales. 3. Cl̀culo de la base gravable y del importe de la PTU. 4. Determinacin̤ de la parte deducible en el ISR correspondiente a los pagos a trabajadores que se encuentren exentos de este impuesto. 5. Cl̀culo de la deduccin̤ de inversiones (normal e inmediata) y del costo de lo vendido. 6. Determinacin̤ del ajuste anual por inflacin̤ acumulable y deducible. 7. Cl̀culo de la cuenta de utilidad fiscal neta (Cufin) y de la cuenta de capital de aportacin̤ (Cuca). 8. ISR por pago de dividendos. 9. Determinacin̤ de la retencin̤ mensual del ISR por los pagos de salarios. 10. Cl̀culo del impuesto anual por los pagos de salarios. Esta edicin̤ se encuentra actualizada con el nuevo Reglamento de la Ley del ISR, publicado en el Diario Oficial de la Federacin̤ el 8 de octubre de 2015, en vigor a partir del 9 de octubre del mismo aǫ. Estamos seguros de que esta obra ser ̀de gran utilidad para los estudiantes de nuestra legislacin̤ tributaria federal, para los despachos de contadores pb︢licos, as ̕como para las personas interesadas en temas fiscales. 
506 1 |a Contenido solo disponible en los productos indicados  |d vLex Global   |d vLex Global (Academic Edition, excluding Law Schools)  |d vLex Global (U.S. Academic Edition, Law Schools)  |d vLex Global (U.S. Academic Edition, excluding Law Schools)  |d vLex Global (Academic Edition, Law Schools) 
650 0 4 |a Derecho  |z Mexico 
740 0 |a vLex libros (servicio en linea) 
856 4 0 |u http://vlex.com/source/guia-practica-de-isr-personas-morales-2016-14301  |z Acceso restringido 
942 |c EURO 
999 0 |a Law  |b Mexico